| 000 | 00623nam a2200193 i 4500 | ||
|---|---|---|---|
| 001 | 51328 | ||
| 003 | ES-MaACL | ||
| 005 | 20240228185849.0 | ||
| 007 | t| | ||
| 008 | 030812s1976 sp ||||1| spa d | ||
| 100 | 1 |
_aDaeniken, Erich von. _9182349 |
|
| 245 | 1 | 0 |
_aRegreso a las estrellas / _cErich von Daeniken ; [traducción de José Manuel Pomares]. |
| 250 | _a[6ª ed.]. | ||
| 260 |
_a[Esplugues de Llobregat (Barcelona)] : _bPlaza & Janés, _c[1976] |
||
| 300 |
_a233 p., 8 lám. : _bil. ; _c22 cm. |
||
| 700 | 0 |
_aPomares, José M., _d1943- _992903 |
|
| 852 |
_aES-MaACL _jA-5918 _bR.94868 |
||
| 999 |
_c51328 _d51328 |
||